000
00321nam a22001337a 4500
082
_a
891.4393 AME
100
_a
Ameer Ali Khan
245
_a
Akbar badshah kay 9 ratan
260
_a
Lahore
_b
Ilm o irfan publishers
_c
2007
300
_a
444p. :
_e
20 cm
650
_a
Urdu literature
700
_a
Ameer Ali Khan
942
_c
BK
999
_c
11702
_d
11702